| 000 | 00626nam a22001817a 4500 | ||
|---|---|---|---|
| 005 | 20250922084842.0 | ||
| 008 | 250919b |||||||| |||| 00| 0 eng d | ||
| 020 | _a9789362241511 | ||
| 082 | _aDC 361.3 So131 2025 | ||
| 245 |
_aSocial work and human resource development / _cedited by Vishal Bhardwaj. |
||
| 260 |
_aIndia : _bDiscovery Publishing House, _c©2025. |
||
| 300 |
_av, 268 pages : _billustrations (some colors) ; _c24 cm. |
||
| 500 | _aIncludes references and index. | ||
| 650 | 0 |
_aSocial work. _967973 |
|
| 650 | 0 |
_aPersonnel management. _967974 |
|
| 700 |
_aBhardwaj, Vishal. _967856 _eeditor. |
||
| 942 |
_2ddc _cDC |
||
| 999 |
_c23849 _d23849 |
||